United Arab Emirates telephone directory 2009 Dubai.
| Format: | Book |
|---|---|
| Published: |
Dubai:
Emirates Telecommunications Corporation,
2009.
|
| Subjects: |
| LEADER | 00545cam a2200145 7i4500 | ||
|---|---|---|---|
| 001 | 0000023665 | ||
| 005 | 20091013090000.0 | ||
| 090 | 0 | 0 | |a UAE 910.259537 |b TEL |
| 245 | 0 | 0 | |a United Arab Emirates telephone directory 2009 Dubai. |
| 260 | 0 | 0 | |a Dubai: |b Emirates Telecommunications Corporation, |c 2009. |
| 300 | # | # | |a [v.p]. |
| 650 | 0 | 0 | |a Business -- |x Directories -- |z Dubai,United Arab Emirates |
| 650 | 0 | 0 | |a Dubai,United Arab Emirates -- |x Telephone directories |
| 651 | 0 | 0 | |a United Arab Emirates |
| 999 | |a 0000025392 |b Directories |c Countries |e Business Information Centre | ||